| 000 | 00508nam a2200169 4500 | ||
|---|---|---|---|
| 001 | 148745 | ||
| 003 | ES-MaACL | ||
| 005 | 20230906202801.0 | ||
| 007 | t| | ||
| 008 | 070214s1915 cu r ||||1| spa d | ||
| 100 | 1 |
_aSuárez, Constantino. _9108549 |
|
| 245 | 1 | 1 |
_a¡Emigrantes...! / _cConstantino Suárez ; proemio de Adelardo Novo. |
| 260 |
_aLa Habana : _b[s. n.], _c1915 ( _fAvisador Comercial) |
||
| 300 |
_aX, 178 p. ; _c20 x 14 cm. |
||
| 700 | 1 |
_aNovo, Adelardo. _986081 |
|
| 852 |
_aES-MaACL _jF-7675 |
||
| 999 |
_c148745 _d148745 |
||